01622nam a22004217a 4500003000500000005001700005008004100022010000900063011000900072035000900081040000900090090001000099100004100109245014600150260004000296300001900336500001200355502007700367590003700444590004100481590004100522590004100563590004100604590004100645590004200686650003700728650003900765650003400804650003600838650003100874650003100905710003700936901000700973942001000980949005100990999001501041952014401056CHAP20220817040856.0971013s1991 r 00010 d a1909 a2881 a2081 cCHAP aTesis00aMuñoz Garza, Mario Aniceto.979596 aRespuesta de dos híbridos de maíz (Zea mays L.) a la fertilización y densidad de población, en el municipio de Diaz Ordaz, Tamaulipas aChapingo, Méx. :bEl Autor,c1991 a58 h.b: ilus. aD43-190 aTesis (Ing. Agr. Esp. en Fitotecnia) -- UACH. Departamento de Fitotecnia aALEPHb10c20130110lUCH01h1210 aBATCH-UPDb10c20130110lUCH01h0305 aBATCH-UPDb10c20130110lUCH01h1448 aBATCH-UPDb10c20130409lUCH01h2336 aBATCH-UPDb10c20130410lUCH01h1415 aBATCH-UPDb10c20130914lUCH01h1403 aCONVERSIONb10c20130109lUCH01h130214aFertilizantes fosfatados.94059214aFertilizantes nitrogenados.94059614aMaízxEspaciamiento.97094614aMaízxFertilización.97095614aMaízxHíbridos.97097414aMaízxTamaulipas.971067 aUACH. Departamento de Fitotecnia aBK cTESIS bBCcTESd-11579eTS1f2c. A.. 23574-5i2081si c1909d1909 00102local4051708TESISaBCbBCcPA_TESISd2012-12-17fTESISl0oTesisp-11579r2019-12-31 00:00:00t2c. A.. 23574-5w2019-12-31yTESIS